MARC

LEADER 00000nam0a2200000 4500
001 94266
005 20231031105601.0
035 |a (RuTPU)RU\TPU\book\100960 
090 |a 94266 
100 |a 20060410d1985 km y0rusy50 ca 
101 0 |a rus 
102 |a RU 
105 |a a z 000zy 
200 1 |a Проблемы динамики вязкой жидкости  |e труды X Всесоюзной школы  |f Сибирское отделение АН СССР; Институт теоретической и прикладной механики; под ред. Ю. А. Березина 
210 |a Новосибирск  |d 1985 
215 |a 306 с.  |c ил. 
320 |a Библиография в конце статей 
610 1 |a вязкие жидкости 
610 1 |a динамика 
610 1 |a гидродинамическая устойчивость 
610 1 |a конвекция 
610 1 |a обтекание тел 
610 1 |a задачи 
610 1 |a турбулентные процессы 
675 |a 532.51  |v 3 
702 1 |a Березин  |b Ю. А.  |g Юрий Александрович  |4 340 
712 0 2 |a Академия наук СССР (АН СССР)  |b Сибирское отделение (СО)  |b Институт теоретической и прикладной механики (ИТПМ)  |b (Новосибирск)  |2 stltpush  |3 (RuTPU)RU\TPU\col\11503 
801 1 |a RU  |b 63413507  |c 20060410  |g PSBO 
801 2 |a RU  |b 63413507  |c 20141208  |g PSBO 
942 |c BK